02116nam a2200193 i 4500001000700000003000900007005001700016008004100033080001200074110005000086245015500136260005500291300002000346505133800366651003101704852005001735999001901785952011801804170703ES-MaACL20230906214435.0090331s18581863sp |||| | spa d a94(460)2 aReal Academia de la Historia (España)9630910aDiscursos leídos en las sesiones públicas que para dar posesión de plazas de número ha celebrado la Real Academia de la Historia, f1858-1863. aMadrid : b[s.n.], c1858 (fImp. de F. Sánchez) a1 v. ; c27 cm.0 aAlgunas consideraciones sobre la índole y naturaleza de la Institución real, y de los Concilios de Toledo durante la dominación goda / Juan Manuel Montalbán (46 p.). Discurso de contestación / P. Gómez de la Serna (p. 47-62). Historia de la Edad Media / Tomás Muñoz y Romero (64 p.). Contestación / J. Amador de los Ríos (p. 65-98). La dominación de los españoles en Italia / Antonio Cánovas del Castillo (50 p.). Contestación / S. Estébanez Calderón (p. 51-90). El estado de los estudios históricos en España durante el reinado de Carlos II / Carlos Ramón Fort (32 p.). Progresos que en los últimos treinta años ha hecho la historia de los pueblos primitivos... / Vicente Vázquez Queipo (42 p.). Discurso de contestación / A. Cavanilles (p. 43-58). Caracteres de la civilización de España / Pedro de Madrazo (63 p.). Contestación / A. Cavanilles (p. 65-76). Las tres Comunidades de Aragón / Vicente de la Fuente (64 p.). Contestación / M. Colmeiro (p.66-72). Las obras públicas en los antiguos tiempos: caminos romanos / Eduardo Saavedra (33 p.). Contestación / A. Fernández-Guerra y Orbe (p. 35-106). Consideraciones sobre la dominación de las razas africanas en España / Emilio Lafuente y Alcántara (44 p.). Contestación / A. Cánovas del Castillo (p. 45-72). 4aEspaña-xHistoria.98209 aES-MaACLjK-117 z- Enc. pasta española c170703d170703 001040708LIBXIXaATENEOMbATENEOMcADMd2009-03-31l0oK-117p1179146r2023-02-23 00:00:00w2023-02-23yMONANT